Doing philosophy comparatively : (Record no. 1430020)

MARC details
000 -LEADER
fixed length control field 00677cam a2200205 i 4500
003 - CONTROL NUMBER IDENTIFIER
control field OSt
005 - DATE AND TIME OF LATEST TRANSACTION
control field 20250527121924.0
008 - FIXED-LENGTH DATA ELEMENTS--GENERAL INFORMATION
fixed length control field 240826s2015 enk ob 001 0 eng
020 ## - INTERNATIONAL STANDARD BOOK NUMBER
International Standard Book Number 9781350177543
040 ## - CATALOGING SOURCE
Transcribing agency SDCL
084 ## - COLON CLASSIFICATION NUMBER
Classification number R1 R3
100 1# - MAIN ENTRY--PERSONAL NAME
Personal name Connolly, Tim.
9 (RLIN) 36434
245 10 - TITLE STATEMENT
Title Doing philosophy comparatively :
Remainder of title Foundations, problems, and methods of cross-cultural inquiry
250 ## - EDITION STATEMENT
Edition statement 2nd ed.
260 ## - PUBLICATION, DISTRIBUTION, ETC.
Place of publication, distribution, etc. London :
Name of publisher, distributor, etc. Bloomsbury, Bloomsbury Academic, an imprint of Bloomsbury Publishing Plc,
Date of publication, distribution, etc. 2023.
300 ## - PHYSICAL DESCRIPTION
Extent ix, 295p.
504 ## - BIBLIOGRAPHY, ETC. NOTE
Bibliography, etc. note Includes bibliographical references and index.
650 #0 - SUBJECT ADDED ENTRY--TOPICAL TERM
Topical term or geographic name entry element Philosophy, Comparative.
9 (RLIN) 648224
942 ## - ADDED ENTRY ELEMENTS (KOHA)
Source of classification or shelving scheme Colon Classification (CC)
Suppress in OPAC No
Koha item type Textual
Holdings
Withdrawn status Lost status Source of classification or shelving scheme Damaged status Not for loan Home library Current library Date acquired Source of acquisition Inventory number Total Checkouts Full call number Barcode Date last seen Price effective from Koha item type
    Colon Classification (CC)     South Campus Library South Campus Library 2025-05-22 Govinda Book House 6632, 05/02/2025   R1 R3 SC1691054 2025-05-22 2025-05-22 Textual
Copyright @ Delhi University Library System